书目信息 |
| 题名: |
马氏过程
|
|
| 作者: | 福岛正俊 , 竹田雅好 著 ;何萍 译 | |
| 分册: | ||
| 出版信息: | 北京 科学出版社 2019重印 |
|
| 页数: | 253页 | |
| 开本: | 24cm | |
| 丛书名: | 现代数学译丛 | |
| 单 册: | ||
| 中图分类: | O211.62 | |
| 科图分类: | ||
| 主题词: | 马尔柯夫过程--Ma Er Ke Fu Guo Cheng | |
| 电子资源: | ||
| ISBN: | 978-7-03-031376-8 | |
| 000 | 00893nam 2200289 45 | |
| 001 | 012001001557 | |
| 005 | 20140108140048.0 | |
| 010 | @a978-7-03-031376-8@dCNY99.00 | |
| 099 | @aCAL 012011285486 | |
| 100 | @a20110824d2011 em y0chiy50 ea | |
| 101 | 1 | @achi@cjpn |
| 102 | @aCN@b110000 | |
| 105 | @aak a 001yy | |
| 106 | @ar | |
| 200 | 1 | @a马氏过程@AMa Shi Guo Cheng@f(日) 福岛正俊, 竹田雅好著@g何萍译 |
| 210 | @a北京@c科学出版社@d2019重印 | |
| 215 | @a253页@c图@d24cm | |
| 225 | 2 | @a现代数学译丛@AXian Dai Shu Xue Yi Cong@v16 |
| 320 | @a有书目 (第245-247页) 和索引 | |
| 410 | 0 | @12001@a现代数学译丛@v16 |
| 606 | 0 | @a马尔柯夫过程@AMa Er Ke Fu Guo Cheng |
| 690 | @aO211.62@v4 | |
| 701 | 0 | @a福岛正俊@AFu Dao Zheng Jun@4著 |
| 701 | 0 | @a竹田雅好@AZhu Tian Ya Hao@4著 |
| 702 | 0 | @a何萍@AHe Ping@4译 |
| 801 | 0 | @aCN@b北京卓展@c20191020 |
| 905 | @b1202135-8@dO211.62@e437@f4 | |
| 马氏过程/(日) 福岛正俊, 竹田雅好著/何萍译.-北京:科学出版社,2019重印 |
| 253页:图;24cm.-(现代数学译丛;16) |
| ISBN 978-7-03-031376-8:CNY99.00 |
| ● |
| 相关链接 |
|
|
|
|
正题名:马氏过程
索取号:O211.62/437
 
预约/预借
| 序号 | 登录号 | 条形码 | 馆藏地/架位号 | 状态 | 备注 |
| 1 | 1202135 | 212021355 | 第二样本阅览室/ [索取号:O211.62/437] | 在馆 | |
| 2 | 1202136 | 212021364 | 第三借阅区/ [索取号:O211.62/437] | 在馆 | |
| 3 | 1202137 | 212021373 | 第三借阅区/ [索取号:O211.62/437] | 在馆 | |
| 4 | 1202138 | 212021382 | 第三借阅区/ [索取号:O211.62/437] | 在馆 |